Statistics for Every country that has ever won the Fifa Womens World Cup

Click here to take the quiz!

General Stats

  • This quiz has been taken 26 times
  • The average score is 8 of 9

Answer Stats

HintAnswer% Correct
1991United States
100%
1999United States
100%
2015United States
100%
2019United States
100%
2023Spain
96%
2003Germany
92%
2007Germany
92%
2011Japan
84%
1995Norway
68%

Score Distribution

Percentile by Number Answered

Percent of People with Each Score

Your Score History

You have not taken this quiz